000 00933nam a22003138a 4500
008 070820s2008 mnu 000 1 eng
010 _a 2007034452
020 _a9780764204906 (pbk.)
040 _aDLC
_cDLC
043 _an-us-tx
050 0 0 _aPS3573.I53165
_bT35 2008
082 0 0 _a813/.54
_222
100 1 _aWingate, Lisa.
_9441
245 1 0 _aTalk of the town /
_cLisa Wingate.
260 _aMinneapolis, Minn. :
_bBethany House,
_cc2008.
263 _a0802
300 _ap. cm.
650 0 _aWomen television producers and directors
_vFiction.
_96388620
650 0 _aTelevision programs
_vFiction.
_95678686
650 0 _aTalent shows
_vFiction.
_95682345
651 0 _aTexas
_vFiction.
_95673670
650 0 _aCities and towns
_vFiction.
_95723684
655 7 _aChristian fiction.
_2gsafd
_96290267
035 _a(IMchF)fol11698743
005 20241220143457.0
001 53611
003 DCL
942 _cUNKNOWN
_021
999 _c136414
_d136414